Physical and logical security convergence : (Record no. 10667)

MARC details
000 -LEADER
fixed length control field 01316cam a22003377a 4500
090 ## - LOCALLY ASSIGNED LC-TYPE CALL NUMBER (OCLC); LOCAL CALL NUMBER (OCLC)
-- 0
001 - CONTROL NUMBER
control field 14833938
005 - DATE AND TIME OF LATEST TRANSACTION
control field 20071019151657.0
008 - FIXED-LENGTH DATA ELEMENTS--GENERAL INFORMATION
fixed length control field 070504s2007 maua 001 0 eng d
010 ## - LIBRARY OF CONGRESS CONTROL NUMBER
LC control number 2007296815
020 ## - INTERNATIONAL STANDARD BOOK NUMBER
International Standard Book Number 9781597491228 (pbk.)
020 ## - INTERNATIONAL STANDARD BOOK NUMBER
International Standard Book Number 1597491225 (pbk.)
024 1# -
-- 792502912256
035 ## - SYSTEM CONTROL NUMBER
System control number (OCoLC)ocn123894828
035 ## - SYSTEM CONTROL NUMBER
System control number (OCoLC)123894828
040 ## - CATALOGING SOURCE
Original cataloging agency OCO
Transcribing agency OCO
Modifying agency DLC
042 ## - AUTHENTICATION CODE
Authentication code lccopycat
050 00 - LIBRARY OF CONGRESS CALL NUMBER
Classification number QA76.9.A25
Item number P49 2007
082 00 - DEWEY DECIMAL CLASSIFICATION NUMBER
Classification number 005.8
Edition number 22
Item number CON
245 00 - TITLE STATEMENT
Title Physical and logical security convergence :
Remainder of title powered by enterprise security management /
Statement of responsibility, etc Brian T. Contos ... [et al.] ; foreword by Regis McKenna.
260 ## - PUBLICATION, DISTRIBUTION, ETC. (IMPRINT)
Place of publication, distribution, etc Burlington, MA :
Name of publisher, distributor, etc Syngress Publishing,
Date of publication, distribution, etc 2007.
300 ## - PHYSICAL DESCRIPTION
Extent xxvi, 566 p. :
Other physical details ill. ;
Dimensions 23 cm.
500 ## - GENERAL NOTE
General note Includes index.
650 #0 - SUBJECT ADDED ENTRY--TOPICAL TERM
Topical term or geographic name as entry element Computer security.
650 #0 - SUBJECT ADDED ENTRY--TOPICAL TERM
Topical term or geographic name as entry element Information technology.
700 1# - ADDED ENTRY--PERSONAL NAME
Personal name Contos, Brian T.
856 42 - ELECTRONIC LOCATION AND ACCESS
Materials specified Publisher description
Uniform Resource Identifier <a href="http://www.loc.gov/catdir/enhancements/fy0726/2007296815-d.html">http://www.loc.gov/catdir/enhancements/fy0726/2007296815-d.html</a>
942 ## - ADDED ENTRY ELEMENTS (KOHA)
Source of classification or shelving scheme Dewey Decimal Classification
Item type Book - Borrowing
Holdings
Withdrawn status Item status Source of classification or shelving scheme Damaged status Not for loan Vendor Home library Current library Shelving location Date acquired Source of acquisition Cost, normal purchase price Serial Enumeration / chronology Total Checkouts Full call number Barcode Date last seen Koha item type
    Dewey Decimal Classification     Alahram Central Library Central Library Lower Floor 04/02/2009   404.00 6477   005.8 CON 000014618 15/07/2025 Book - Borrowing